000 01047cam a22002894a 4500
001 12025912
003 20170123145527.0
005 20240606080938.0
008 000531s2001 njua 001 0 eng
010 _a 00044103
020 _a0130962023
040 _aDLC
_cDLC
_dDLC
042 _apcc
050 0 0 _aQA331.3
_b.D395 2001
082 0 0 _a511/.8
_221
100 1 _aDavis, Mary Ellen.
245 1 0 _aElementary mathematical modeling :
_bfunctions and graphs /
260 _aUpper Saddle River, N.J. :
_bPrentice Hall,
_cc2001.
300 _axiii, 385 p. :
_bill. (some col.) ;
_c27 cm.
500 _aIncludes index.
650 0 _aFunctions.
650 0 _aAlgebra
_xGraphic methods.
700 1 _aEdwards, C. Henry
_q(Charles Henry),
_d1937-
906 _a7
_bcbc
_corignew
_d1
_eocip
_f20
_gy-gencatlg
942 _2lcc
_cBK
999 _c4566
_d4566